Egypt Cities Map Quiz - Statistics

General Stats
  • This quiz has been taken 586 times
  • The average score is 7 of 10
Answers on the Map
Answers color-coded by a green-red scale on the quiz's map according to % correct below.
 
Answer Stats
Answer % Correct
Alexandria
90%
Cairo
90%
Suez
76%
Luxor
74%
Aswan
73%
Port Said
72%
Asyut
52%
Mansoura
46%
Damietta
44%
Arish
43%
No matching quizzes found
Score Distribution
Percent of People with Each Score
Percentile by Number Answered
Your Score History
You have not taken this quiz